Sociedades hospitalarias. Costa Rica y la acogida de inmigrantes /

Guardado en:
Bibliografiske detaljer
Hovedforfatter: Jiménez Matarrita, Alexander
Andre forfattere: ed.
Format: Texto
Udgivet: San José: Arlekin
Fag:
Tags: Tilføj Tag
Ingen Tags, Vær først til at tagge denne postø!

MARC

LEADER 00000 a a2200000 04500
001 31579
003
040
020 |a 9968-834-60-45  
090 |a 199003  
100 |a Jiménez Matarrita, Alexander  
245 |a Sociedades hospitalarias. Costa Rica y la acogida de inmigrantes /  |c Alexander Jiménez Matarrita 
260 |a San José:   |b Arlekin  
300 |a 152 p  
650 |a PLURALISMO CULTURAL  
650 |a IDENTIDAD CULTURAL  
650 |a INMIGRACION  
700 |a ed.  
999 |c 14684  |d 14684